山西省地图点选 Shanxi Click Map - Statistics

General Stats
  • This quiz has been taken 34 times
    31 since last reset
  • The average score is 9 of 11
Answers on the Map
Answers color-coded by a green-red scale on the quiz's map according to % correct below.
 
Answer Stats
Answer % Correct
太原市
100%
大同市
95%
阳泉市
90%
晋城市
85%
晋中市
85%
运城市
85%
忻州市
85%
朔州市
80%
吕梁市
80%
长治市
75%
临汾市
75%
No matching quizzes found
Score Distribution
Percent of People with Each Score
Percentile by Number Answered
Your Score History
You have not taken this quiz since the last reset